Dôstojné a spontánne

Bibliographic Details
Main Author: Palovčík, Michal, 1921-2002 (Author)
Format: Article
Language:Slovak
PhysicalDescription:Fotogr.
ISSN:0862-5999
Subjects:

MARC

LEADER 00000nab a2200000 a 4500
001 vtls000745280
003 SK-MaSNL
005 20260304015420.0
008 140422c2000 xo 0 slo
015 |a SNBRB2001/01-04138 
035 |a CLN000097114 
040 |a SNKBUCL  |b slo  |c SNKBUCL  |e AACR2 
041 0 |a slo 
044 |a xo  |c SK 
080 |a 78.071.2:785.7:061.7  |2 1997 
080 |a 785.7  |2 1997 
100 1 |a Palovčík, Michal,  |d 1921-2002  |4 aut  |9 105075 
245 1 0 |a Dôstojné a spontánne  |c Michal Palovčík 
300 |b Fotogr. 
610 2 7 |a Slovenský komorný orchester  |2 snkbucl  |9 98896 
655 7 |a články z novín a časopisov  |2 snkbucl  |9 267496 
773 0 |t Literárny týždenník  |g Roč. 13, č. 42 (2000), s. 11  |x 0862-5999 
850 |a Slovenská národná knižnica v Martine 
852 |a SNK  |b KIS3GCP 
958 |a SK 
992 |a RBX 
999 |c 2591349  |d 2593279